000
00242nam a2200097Ia 4500
001
735457
005
20250826163853.0
008
250824s9999 xx 000 0 und d
245
0
_a
BEYAZ BENEKLİ AT
_c
AYLA ÇINAROĞLU
260
_b
TUDEM YAYINLARI
999
_c
735457
_d
735457